[Event "EU-Cup 29th"]
[Site "Rhodes"]
[Date "2013.10.26"]
[Round "7.4"]
[White "Koch, Thomas"]
[Black "Domont, Alexandre"]
[Result "1-0"]
[WhiteElo "2437"]
[BlackElo "2373"]
[PlyCount "69"]
[EventDate "2013.10.20"]
[EventType "team-swiss"]
[EventRounds "7"]
[EventCountry "GRE"]
[SourceTitle "CBM 157"]
[Source "ChessBase"]
[SourceDate "2013.11.12"]
[SourceVersion "1"]
[SourceVersionDate "2013.11.12"]
[SourceQuality "1"]
[WhiteTeam "Eynatten"]
[BlackTeam "Geneve"]
[WhiteTeamCountry "BEL"]
[BlackTeamCountry "SUI"]

1. d4 d5 2. c4 c6 3. Nc3 dxc4 4. Nf3 e6 5. e4 b5 6. Be2 Bb7 7. 0-0 Nf6 8. Bg5 h6 9. Bxf6 Qxf6 10. d5 Bc5 11. e5 Qf5 12. dxe6 0-0 13. exf7+ Rxf7 14. b3 Nd7 15. bxc4 Nxe5 16. Qb1 Nxf3+ 17. Bxf3 Qe5 18. Qd3 Raf8 19. Rad1 b4 20. Ne4 a5 21. Rfe1 Ba6 22. h3 Re7 23. Re2 Ba7 24. Qc2 Qc7 25. Red2 c5 26. Nd6 Bb8 27. Bg4 Kh8 28. g3 Qc6 29. Rd5 Bxd6 30. Rxd6 Re1+ 31. Rxe1 Qxd6 32. Re6 Qd4 33. Rxa6 Re8 34. Qg6 Re1+ 35. Kg2 1-0

[Event "EU-Cup 29th"]
[Site "Rhodes"]
[Date "2013.10.25"]
[Round "6.4"]
[White "Domont, Alexandre"]
[Black "Nagy, Gabor"]
[Result "1-0"]
[WhiteElo "2373"]
[BlackElo "2414"]
[PlyCount "151"]
[EventDate "2013.10.20"]
[EventType "team-swiss"]
[EventRounds "7"]
[EventCountry "GRE"]
[SourceTitle "CBM 157"]
[Source "ChessBase"]
[SourceDate "2013.11.12"]
[SourceVersion "1"]
[SourceVersionDate "2013.11.12"]
[SourceQuality "1"]
[WhiteTeam "Geneve"]
[BlackTeam "Szombathely"]
[WhiteTeamCountry "SUI"]
[BlackTeamCountry "HUN"]

1. Nc3 Nf6 2. d4 d5 3. Bg5 Nbd7 4. Qd3 c6 5. Nf3 Qa5 6. Nd2 b5 7. Nb3 Qc7 8. a3 e6 9. e4 h6 10. Bh4 Nxe4 11. Nxe4 Qf4 12. Bg3 Qxe4+ 13. Qxe4 dxe4 14. Na5 h5 15. h4 Nb6 16. Nxc6 f6 17. Be2 Bd7 18. Nb8 a6 19. 0-0 Bc8 20. Nc6 g6 21. b3 Nd5 22. c4 Nc3 23. Rfe1 Bh6 24. Bf1 bxc4 25. Bxc4 Bd2 26. Rf1 Bb7 27. Nb4 Ke7 28. Bc7 e3 29. fxe3 Bxe3+ 30. Kh2 Bxd4 31. Rae1 e5 32. Nc2 Rac8 33. Ba5 Nb5 34. Nxd4 Nxd4 35. Bb4+ Kd7 36. Rxf6 a5 37. Rf7+ Kc6 38. Rf6+ Kd7 39. Bxa5 Rhf8 40. Ref1 Rxf6 41. Rxf6 Be4 42. Rf7+ Kc6 43. Rf6+ Kd7 44. Rf7+ Kc6 45. Re7 Rf8 46. Rxe5 Rf4 47. Be1 Rg4 48. Rg5 Rxg5 49. hxg5 Nc2 50. Bb4 Ne3 51. Bf7 Nxg2 52. Bd2 Nh4 53. Be3 Nf3+ 54. Kh3 Ne5 55. Be8+ Kb7 56. a4 Nd3 57. Kg3 Bf5 58. Bb5 Nb4 59. Bd2 Nc2 60. Bf1 Nd4 61. Bg2+ Kc8 62. b4 Bc2 63. a5 Bd3 64. Kf4 Bb5 65. Be4 Be8 66. Be3 Nc6 67. Bc5 Nd8 68. Ke5 h4 69. Kf4 Bd7 70. a6 Ne6+ 71. Ke5 Nxc5 72. bxc5 Kb8 73. Bxg6 h3 74. Be4 h2 75. g6 Bf5 76. Kxf5 1-0

[Event "Martigny op 22nd"]
[Site "Martigny"]
[Date "2013.08.03"]
[Round "2"]
[White "Domont, Alexandre"]
[Black "Belaz, Christian"]
[Result "0-1"]
[WhiteElo "2384"]
[BlackElo "2066"]
[PlyCount "112"]
[EventDate "2013.08.02"]
[EventType "swiss"]
[EventRounds "7"]
[EventCountry "SUI"]
[SourceTitle "EXT 2017"]
[Source "ChessBase"]
[SourceDate "2016.10.25"]
[SourceVersion "1"]
[SourceVersionDate "2016.10.25"]
[SourceQuality "1"]

1. e4 e5 2. Bc4 Nf6 3. d3 Nc6 4. Nf3 Be7 5. 0-0 0-0 6. Re1 d6 7. a4 Be6 8. Nbd2 Qd7 9. c3 Rfe8 10. a5 a6 11. Bb3 Bf8 12. Nc4 h6 13. h3 g6 14. d4 exd4 15. Nxd4 Bxc4 16. Bxc4 Rxe4 17. Rxe4 Nxe4 18. Nxc6 bxc6 19. Be3 d5 20. Bd3 Qe6 21. Qc2 Nc5 22. Bf1 Qe4 23. Qd1 Qe5 24. Bd4 Qf5 25. b4 Ne6 26. Bd3 Qg5 27. Be3 Qe5 28. Qd2 Bd6 29. g3 d4 30. cxd4 Nxd4 31. Bxd4 Qxd4 32. Rc1 Bxb4 33. Qe2 Qf6 34. Rc4 Qd6 35. Rf4 h5 36. Qa2 Rf8 37. Bxg6 Qxg6 38. Rxb4 Qf5 39. Rf4 Qd5 40. Qe2 Rb8 41. Re4 Rb1+ 42. Kh2 Kg7 43. Qe3 Rd1 44. Qc3+ f6 45. Qe3 Rd3 46. Qf4 Kg6 47. Re1 Rf3 48. Qe4+ Qxe4 49. Rxe4 Rxf2+ 50. Kg1 Rf5 51. Re7 Rxa5 52. Rxc7 Rc5 53. Kf2 Kf5 54. Rg7 a5 55. Ke3 a4 56. Ra7 Rc3+ 0-1

[Event "Monthey op 3rd"]
[Site "Monthey"]
[Date "2012.10.14"]
[Round "3"]
[White "Kulaots, Kaido"]
[Black "Domont, Alexandre"]
[Result "1-0"]
[WhiteElo "2574"]
[BlackElo "2365"]
[PlyCount "49"]
[EventDate "2012.10.12"]
[EventType "swiss"]
[EventRounds "5"]
[EventCountry "SUI"]
[SourceTitle "EXT 2013"]
[Source "ChessBase"]
[SourceDate "2012.11.22"]
[SourceVersion "1"]
[SourceVersionDate "2012.11.22"]
[SourceQuality "1"]

1. e4 c5 2. Nf3 Nc6 3. Nc3 e5 4. Bc4 Be7 5. d3 Nf6 6. 0-0 0-0 7. a3 d6 8. h3 Nd7 9. Nd5 Nb6 10. Nxb6 Qxb6 11. Bd2 Nd4 12. Nxd4 cxd4 13. f4 Be6 14. b3 Qc6 15. f5 d5 16. fxe6 fxe6 17. Qg4 Kh8 18. Bb5 Qxb5 19. Qxe6 Rfe8 20. Rf7 Bf6 21. Qg4 dxe4 22. Rf1 Rg8 23. Qxe4 Rac8 24. R1xf6 Rxc2 25. Rh6 1-0

[Event "Geneve CEG-Legends"]
[Site "Geneve"]
[Date "2012.08.10"]
[Round "10"]
[White "Kortschnoj, Viktor Lvovich"]
[Black "Domont, Alexandre"]
[Result "1-0"]
[WhiteElo "2519"]
[BlackElo "2361"]
[PlyCount "95"]
[EventDate "2012.08.04"]
[EventType "schev"]
[EventRounds "10"]
[EventCountry "SUI"]
[SourceTitle "CBM 149 Extra"]
[Source "ChessBase"]
[SourceDate "2012.08.24"]
[SourceVersion "1"]
[SourceVersionDate "2012.08.24"]
[SourceQuality "1"]
[WhiteTeam "Legends"]
[BlackTeam "CEG"]
[WhiteTeamCountry "SUI"]
[BlackTeamCountry "SUI"]

1. d4 d5 2. c4 c6 3. e3 Nf6 4. Nf3 g6 5. Bd3 Bg7 6. 0-0 0-0 7. Qb3 dxc4 8. Qxc4 Na6 9. Rd1 c5 10. Nc3 Be6 11. Qa4 Nb4 12. Bb5 Qb6 13. dxc5 Qxc5 14. Nd4 Bg4 15. f3 Be6 16. Nxe6 fxe6 17. Bd2 Rad8 18. Qb3 Kh8 19. Bf1 Nbd5 20. Na4 Qc7 21. e4 Nf4 22. g3 N4h5 23. Be1 b6 24. Qxe6 Qc2 25. Qb3 Qxb3 26. axb3 Nd7 27. Be2 Ne5 28. f4 Nc6 29. e5 Nd4 30. Bxh5 gxh5 31. Nc3 Nc2 32. Rac1 Ne3 33. Rxd8 Rxd8 34. Nb5 a6 35. Nc7 Rc8 36. Bd2 Nf5 37. Nxa6 Rd8 38. Bc3 Rd7 39. Kg2 e6 40. Bb4 Kg8 41. Rc6 h4 42. g4 Nh6 43. h3 Rd3 44. Rc3 Rd2+ 45. Kf3 Rh2 46. Ke4 Re2+ 47. Re3 Rxb2 48. Nc7 1-0

[Event "Geneve CEG-Legends"]
[Site "Geneve"]
[Date "2012.08.08"]
[Round "8"]
[White "Spraggett, Kevin"]
[Black "Domont, Alexandre"]
[Result "1-0"]
[WhiteElo "2595"]
[BlackElo "2361"]
[PlyCount "80"]
[EventDate "2012.08.04"]
[EventType "schev"]
[EventRounds "10"]
[EventCountry "SUI"]
[SourceTitle "CBM 149 Extra"]
[Source "ChessBase"]
[SourceDate "2012.08.24"]
[SourceVersion "1"]
[SourceVersionDate "2012.08.24"]
[SourceQuality "1"]
[WhiteTeam "Legends"]
[BlackTeam "CEG"]
[WhiteTeamCountry "SUI"]
[BlackTeamCountry "SUI"]

1. e4 c5 2. Nf3 Nc6 3. d4 cxd4 4. Nxd4 e5 5. Nb5 d6 6. c4 f5 7. exf5 Bxf5 8. Bd3 Be6 9. 0-0 Be7 10. N5c3 Nf6 11. b3 0-0 12. Bb2 a6 13. Nd2 b5 14. Nde4 Nd4 15. Nxf6+ Bxf6 16. Nd5 Bxd5 17. cxd5 Qb6 18. Be4 Rac8 19. Qg4 g6 20. h4 Kh8 21. h5 gxh5 22. Qxh5 Rc7 23. Rad1 Rg7 24. Rd3 Qa7 25. Bxd4 exd4 26. Rf3 Qe7 27. Rf4 Rg5 28. Qf3 Re5 29. Rd1 Bg7 30. Rxf8+ Bxf8 31. Rxd4 Bg7 32. a4 Qe8 33. axb5 axb5 34. g3 Re7 35. Rb4 Bb2 36. Bd3 Rf7 37. Qe4 Re7 38. Qh4 Rf7 39. Rf4 b4 40. Bg6 Rxf4 1-0

[Event "Geneve CEG-Legends"]
[Site "Geneve"]
[Date "2012.08.06"]
[Round "4"]
[White "Ribli, Zoltan"]
[Black "Domont, Alexandre"]
[Result "1/2-1/2"]
[WhiteElo "2561"]
[BlackElo "2361"]
[PlyCount "39"]
[EventDate "2012.08.04"]
[EventType "schev"]
[EventRounds "10"]
[EventCountry "SUI"]
[SourceTitle "CBM 149 Extra"]
[Source "ChessBase"]
[SourceDate "2012.08.24"]
[SourceVersion "1"]
[SourceVersionDate "2012.08.24"]
[SourceQuality "1"]
[WhiteTeam "Legends"]
[BlackTeam "CEG"]
[WhiteTeamCountry "SUI"]
[BlackTeamCountry "SUI"]

1. c4 c6 2. d4 d5 3. e3 Nf6 4. Nc3 g6 5. Nf3 Bg7 6. Be2 0-0 7. 0-0 dxc4 8. Bxc4 Bg4 9. Be2 c5 10. d5 e6 11. e4 exd5 12. exd5 Re8 13. Be3 Nbd7 14. Qd2 Qb6 15. Rac1 Ne4 16. Nxe4 Rxe4 17. h3 Bxf3 18. Bxf3 Rb4 19. b3 Bd4 20. Rfe1 1/2-1/2

[Event "Geneve CEG-Legends"]
[Site "Geneve"]
[Date "2012.08.04"]
[Round "1"]
[White "Domont, Alexandre"]
[Black "Andersson, Ulf"]
[Result "0-1"]
[WhiteElo "2361"]
[BlackElo "2569"]
[PlyCount "71"]
[EventDate "2012.08.04"]
[EventType "schev"]
[EventRounds "10"]
[EventCountry "SUI"]
[SourceTitle "CBM 149 Extra"]
[Source "ChessBase"]
[SourceDate "2012.08.24"]
[SourceVersion "1"]
[SourceVersionDate "2012.08.24"]
[SourceQuality "1"]
[WhiteTeam "CEG"]
[BlackTeam "Legends"]
[WhiteTeamCountry "SUI"]
[BlackTeamCountry "SUI"]

1. d4 Nf6 2. Nc3 d5 3. Bg5 Bf5 4. e3 e6 5. Bd3 Bxd3 6. Qxd3 Nbd7 7. Nf3 Be7 8. 0-0 0-0 9. e4 dxe4 10. Nxe4 h6 11. Bh4 Nxe4 12. Bxe7 Qxe7 13. Qxe4 Qb4 14. Rab1 Nf6 15. Qe2 Rfd8 16. Rfd1 c5 17. c3 Qb6 18. dxc5 Qxc5 19. Qe5 Qc4 20. b3 Qa6 21. a4 Rac8 22. c4 Qb6 23. Qb5 Ne4 24. Qxb6 axb6 25. Kf1 Kf8 26. Ke1 Ke7 27. Rb2 Nc5 28. Rbb1 Ne4 29. Rb2 g5 30. Rc2 Nc5 31. Rxd8 Rxd8 32. Nd2 f5 33. Ke2 e5 34. f3 h5 35. Rc3 Ne6 36. Rd3 0-1

[Event "SUI-ch 112th"]
[Site "Flims"]
[Date "2012.07.17"]
[Round "6.2"]
[White "Domont, Alexandre"]
[Black "Kortschnoj, Viktor Lvovich"]
[Result "1-0"]
[WhiteElo "2364"]
[BlackElo "2558"]
[PlyCount "145"]
[EventDate "2012.07.12"]
[EventType "tourn"]
[EventRounds "9"]
[EventCountry "SUI"]
[EventCategory "9"]
[SourceTitle "CBM 149 Extra"]
[Source "ChessBase"]
[SourceDate "2012.08.24"]
[SourceVersion "1"]
[SourceVersionDate "2012.08.24"]
[SourceQuality "1"]

1. e4 e6 2. d4 d5 3. Nc3 Nf6 4. Bg5 Be7 5. exd5 Nxd5 6. Bxe7 Qxe7 7. Qd2 c5 8. Nf3 0-0 9. Nxd5 exd5+ 10. Be2 Nc6 11. dxc5 Qxc5 12. 0-0 Bg4 13. h3 Bh5 14. Rad1 Rfe8 15. Nd4 Bg6 16. Nxc6 bxc6 17. Bd3 Bxd3 18. Qxd3 h6 19. c3 Re4 20. Rfe1 Rae8 21. Rxe4 Rxe4 22. g3 Qa5 23. a3 Qc7 24. Kg2 Qc8 25. Rd2 Qe6 26. Qf3 c5 27. b4 c4 28. a4 f5 29. b5 g5 30. Rd4 Rxd4 31. cxd4 Qc8 32. Qc3 Kg7 33. Kf1 f4 34. g4 h5 35. gxh5 f3 36. Qxf3 c3 37. Qe3 c2 38. Qxg5+ Kh7 39. Qg6+ Kh8 40. Qh6+ Kg8 41. Qc1 Qxh3+ 42. Ke2 Qc3 43. a5 Qc4+ 44. Kd2 Qxd4+ 45. Kxc2 Qa4+ 46. Kc3 Qxa5+ 47. Kd4 Qb4+ 48. Kxd5 Qxb5+ 49. Qc5 Qe8 50. Kd4 a6 51. f4 Kh7 52. Qf5+ Kh6 53. Qg5+ Kh7 54. Qf5+ Kh6 55. Qg5+ Kh7 56. Qe5 Qd8+ 57. Ke4 Kh6 58. f5 Kxh5 59. Qh2+ Kg5 60. Qg3+ Kh5 61. Qh3+ Kg5 62. Qg3+ Kh5 63. Qg6+ Kh4 64. Qxa6 Qe7+ 65. Qe6 Qb7+ 66. Ke5 Qb2+ 67. Kd6 Kg5 68. Qg6+ Kf4 69. f6 Qb7 70. Ke6 Qa6+ 71. Kf7 Qc8 72. Kg7 Qc3 73. Kh7 1-0

[Event "SUI-ch 112th"]
[Site "Flims"]
[Date "2012.07.15"]
[Round "4"]
[White "Domont, Alexandre"]
[Black "Gallagher, Joseph G"]
[Result "0-1"]
[WhiteElo "2364"]
[BlackElo "2500"]
[PlyCount "41"]
[EventDate "2012.07.12"]
[EventType "tourn"]
[EventRounds "9"]
[EventCountry "SUI"]
[EventCategory "9"]
[SourceTitle "CBM 149 Extra"]
[Source "ChessBase"]
[SourceDate "2012.08.24"]
[SourceVersion "1"]
[SourceVersionDate "2012.08.24"]
[SourceQuality "1"]

1. d4 Nf6 2. c4 g6 3. Nc3 Bg7 4. g3 0-0 5. Bg2 d6 6. e3 c6 7. Nge2 Be6 8. b3 Qc8 9. h3 Na6 10. Ba3 Rb8 11. Rc1 Re8 12. Nf4 Bd7 13. Nd3 Nc7 14. c5 d5 15. f4 Ne4 16. Nxe4 dxe4 17. Bxe4 Bxh3 18. Kf2 Bf5 19. Bf3 Be6 20. g4 f5 21. gxf5 0-1

[Event "SUI-ch 112th"]
[Site "Flims"]
[Date "2012.07.13"]
[Round "2"]
[White "Domont, Alexandre"]
[Black "Pelletier, Yannick"]
[Result "0-1"]
[WhiteElo "2364"]
[BlackElo "2599"]
[PlyCount "92"]
[EventDate "2012.07.12"]
[EventType "tourn"]
[EventRounds "9"]
[EventCountry "SUI"]
[EventCategory "9"]
[SourceTitle "CBM 149 Extra"]
[Source "ChessBase"]
[SourceDate "2012.08.24"]
[SourceVersion "1"]
[SourceVersionDate "2012.08.24"]
[SourceQuality "1"]

1. g3 d5 2. Bg2 c6 3. Nf3 Bg4 4. 0-0 Nd7 5. d3 Ngf6 6. b3 e5 7. Bb2 Bd6 8. c4 0-0 9. cxd5 cxd5 10. h3 Bh5 11. Nh4 Re8 12. Nc3 d4 13. Ne4 Nxe4 14. Bxe4 Nc5 15. Nf5 Bf8 16. Qd2 Qd7 17. g4 Bg6 18. Rac1 f6 19. Rc2 Rac8 20. Rfc1 b6 21. Bf3 a5 22. Ng3 Bf7 23. e3 dxe3 24. fxe3 Bg6 25. Ne4 Rcd8 26. Nxc5 Bxc5 27. Rxc5 bxc5 28. Qxa5 Bxd3 29. Rxc5 e4 30. Bg2 Ra8 31. Qc3 Rec8 32. b4 Rxc5 33. bxc5 Qd5 34. c6 Rc8 35. c7 Qf7 36. g5 fxg5 37. Qd4 Qxc7 38. Qd5+ Qf7 39. Qxg5 h6 40. Qg3 Rc6 41. Be5 Rg6 42. Qf2 Qf3 43. h4 Ba6 44. a4 Kh7 45. a5 Bc8 46. h5 Qd1+ 0-1

[Event "SUI-chT"]
[Site "Switzerland"]
[Date "2012.06.24"]
[Round "5.5"]
[White "Papa, Severin"]
[Black "Domont, Alexandre"]
[Result "1-0"]
[WhiteElo "2396"]
[BlackElo "2367"]
[PlyCount "57"]
[EventDate "2012.03.18"]
[EventType "team-tourn"]
[EventRounds "9"]
[EventCountry "SUI"]
[SourceTitle "EXT 2013"]
[Source "ChessBase"]
[SourceDate "2012.11.22"]
[SourceVersion "1"]
[SourceVersionDate "2012.11.22"]
[SourceQuality "1"]
[WhiteTeam "Reti"]
[BlackTeam "Geneve"]
[WhiteTeamCountry "SUI"]
[BlackTeamCountry "SUI"]

1. e4 c5 2. Nf3 e6 3. d4 cxd4 4. Nxd4 Nf6 5. Nc3 Nc6 6. Nxc6 bxc6 7. e5 Nd5 8. Ne4 Qc7 9. f4 Rb8 10. c4 Bb4+ 11. Ke2 f6 12. Nd6+ Bxd6 13. exd6 Qxd6 14. cxd5 cxd5 15. b3 0-0 16. h4 e5 17. Kf3 Bb7 18. Kg3 Rbc8 19. Rh3 g5 20. hxg5 fxg5 21. Kh2 gxf4 22. Ba3 Qg6 23. Bxf8 Rxf8 24. Qh5 d6 25. Rc1 Bc8 26. Qxg6+ hxg6 27. Rhc3 Bf5 28. Rc7 d4 29. Bc4+ 1-0

[Event "SUI-chT"]
[Site "Switzerland"]
[Date "2012.04.29"]
[Round "3.4"]
[White "Domont, Alexandre"]
[Black "Ballmann, Martin"]
[Result "1/2-1/2"]
[WhiteElo "2371"]
[BlackElo "2372"]
[PlyCount "108"]
[EventDate "2012.03.18"]
[EventType "team-tourn"]
[EventRounds "9"]
[EventCountry "SUI"]
[SourceTitle "EXT 2013"]
[Source "ChessBase"]
[SourceDate "2012.11.22"]
[SourceVersion "1"]
[SourceVersionDate "2012.11.22"]
[SourceQuality "1"]
[WhiteTeam "Geneve"]
[BlackTeam "Winterthur"]
[WhiteTeamCountry "SUI"]
[BlackTeamCountry "SUI"]

1. e4 g6 2. Nf3 Bg7 3. d4 d6 4. c3 Nf6 5. Nbd2 0-0 6. Bd3 Nbd7 7. 0-0 e5 8. Re1 Re8 9. d5 Nh5 10. a4 c6 11. Nc4 Bf8 12. dxc6 bxc6 13. b4 Qc7 14. Bf1 Nb6 15. Na5 d5 16. Nxc6 dxe4 17. Ng5 a6 18. a5 Qxc6 19. axb6 h6 20. Nxe4 Qxb6 21. Be3 Qe6 22. Be2 Bb7 23. Bg4 f5 24. Bxh5 Bxe4 25. Be2 Bb7 26. f3 Kh7 27. Ra5 Rec8 28. Qa1 Bg7 29. Rc5 Rxc5 30. Bxc5 e4 31. fxe4 fxe4 32. Bd4 Bxd4+ 33. cxd4 Qb3 34. Qa5 Qe3+ 35. Kh1 Qxd4 36. Rd1 Qg7 37. Bg4 Re8 38. Qc5 Re7 39. Kg1 e3 40. Qxe7 Qxe7 41. Rd7 Qxd7 42. Bxd7 Be4 43. b5 axb5 44. Bxb5 g5 45. Kf1 Kg6 46. Ke2 Bxg2 47. Kxe3 h5 48. Be8+ Kh6 49. Kf2 Be4 50. Kg1 g4 51. Kf2 h4 52. Bd7 Kg5 53. Bc8 Bf5 54. Bb7 Kf4 1/2-1/2

[Event "SUI-chT"]
[Site "Switzerland"]
[Date "2011.08.27"]
[Round "6.6"]
[White "Charmier, Gregory"]
[Black "Domont, Alexandre"]
[Result "0-1"]
[WhiteElo "2180"]
[BlackElo "2364"]
[PlyCount "58"]
[EventDate "2011.02.27"]
[EventType "team-tourn"]
[EventRounds "9"]
[EventCountry "SUI"]
[SourceTitle "EXT 2012"]
[Source "ChessBase"]
[SourceDate "2011.11.24"]
[SourceVersion "1"]
[SourceVersionDate "2011.11.24"]
[SourceQuality "1"]
[WhiteTeam "Echallens"]
[BlackTeam "Le Joueur"]
[WhiteTeamCountry "SUI"]
[BlackTeamCountry "SUI"]

1. d4 c6 2. c4 d5 3. Nc3 dxc4 4. a4 e5 5. dxe5 Qxd1+ 6. Kxd1 Na6 7. Bf4 Be6 8. Nf3 0-0-0+ 9. Nd2 Ne7 10. Kc1 Ng6 11. g3 Nc5 12. Bg2 f6 13. exf6 Nxf4 14. gxf4 gxf6 15. Nce4 Nb3+ 16. Nxb3 cxb3 17. a5 Bb4 18. e3 Bd5 19. Ra4 c5 20. f3 Bc6 21. Rxb4 cxb4 22. Nxf6 Rd6 23. Ne4 Bxe4 24. fxe4 Rc6+ 25. Kb1 Rd8 26. Rc1 Rd2 27. Bh3+ Kd8 28. Rxc6 bxc6 29. Kc1 Rc2+ 0-1

[Event "SUI-ch 111th"]
[Site "Leukerbad"]
[Date "2011.07.15"]
[Round "9"]
[White "Kortschnoj, Viktor Lvovich"]
[Black "Domont, Alexandre"]
[Result "1-0"]
[WhiteElo "2553"]
[BlackElo "2377"]
[PlyCount "95"]
[EventDate "2011.07.07"]
[EventType "swiss"]
[EventRounds "9"]
[EventCountry "SUI"]
[SourceTitle "CBM 143 Extra"]
[Source "ChessBase"]
[SourceDate "2011.08.29"]
[SourceVersion "1"]
[SourceVersionDate "2011.08.29"]
[SourceQuality "1"]

1. d4 d5 2. c4 c6 3. e3 Nf6 4. Nf3 g6 5. Bd3 Bg7 6. 0-0 0-0 7. Qc2 Na6 8. a3 dxc4 9. Bxc4 Bf5 10. Qe2 Nc7 11. Rd1 Ne4 12. Bd3 Nd6 13. Nc3 Bxd3 14. Qxd3 f5 15. Bd2 Qd7 16. Rac1 Rad8 17. Na4 Ne4 18. Qb3+ Nd5 19. Nc5 Nxc5 20. Rxc5 h6 21. Qc2 Qe6 22. b4 Kh7 23. b5 cxb5 24. Rxb5 b6 25. a4 a6 26. Rbb1 Rc8 27. Qd3 a5 28. h3 Rc6 29. Rb5 Rfc8 30. Re1 Nc7 31. Rb2 Qe4 32. Qb3 Qd5 33. Qa3 Qd7 34. e4 fxe4 35. Rxe4 Nd5 36. Qd3 Re6 37. Rh4 Kg8 38. Bxh6 Qxa4 39. Bxg7 Kxg7 40. Qd2 Qa1+ 41. Kh2 Rf6 42. Qh6+ Kf7 43. Qh7+ Ke6 44. Re4+ Kd7 45. Rb5 Kc6 46. Rxd5 Kxd5 47. Qxe7 Rcf8 48. Qe5+ 1-0

[Event "SUI-ch 111th"]
[Site "Leukerbad"]
[Date "2011.07.14"]
[Round "8"]
[White "Domont, Alexandre"]
[Black "Kurmann, Oliver"]
[Result "1/2-1/2"]
[WhiteElo "2377"]
[BlackElo "2431"]
[PlyCount "42"]
[EventDate "2011.07.07"]
[EventType "swiss"]
[EventRounds "9"]
[EventCountry "SUI"]
[SourceTitle "CBM 143 Extra"]
[Source "ChessBase"]
[SourceDate "2011.08.29"]
[SourceVersion "1"]
[SourceVersionDate "2011.08.29"]
[SourceQuality "1"]

1. d4 Nf6 2. Nc3 d6 3. g3 Nbd7 4. Bg2 c6 5. a4 e5 6. Nf3 Be7 7. 0-0 0-0 8. d5 cxd5 9. Nxd5 Nxd5 10. Qxd5 Nc5 11. Be3 Be6 12. Qd2 f6 13. Nh4 d5 14. Bxc5 Bxc5 15. Rfd1 e4 16. Nf5 Qd7 17. b4 Bb6 18. Nd4 Rad8 19. a5 Bc7 20. f4 exf3 21. exf3 Bh3 1/2-1/2

[Event "SUI-chT"]
[Site "Switzerland"]
[Date "2011.04.17"]
[Round "3.6"]
[White "Domont, Alexandre"]
[Black "Fierz, Martin"]
[Result "0-1"]
[WhiteElo "2377"]
[BlackElo "2319"]
[PlyCount "146"]
[EventDate "2011.02.27"]
[EventType "team-tourn"]
[EventRounds "9"]
[EventCountry "SUI"]
[SourceTitle "CBM 141 Extra"]
[Source "ChessBase"]
[SourceDate "2011.05.03"]
[SourceVersion "1"]
[SourceVersionDate "2011.05.03"]
[SourceQuality "1"]
[WhiteTeam "Le Joueur"]
[BlackTeam "Wollishofen"]
[WhiteTeamCountry "SUI"]
[BlackTeamCountry "SUI"]

1. d4 d5 2. c4 c6 3. Nf3 Nf6 4. Qc2 dxc4 5. Qxc4 Bf5 6. g3 e6 7. Bg2 Be7 8. 0-0 0-0 9. e3 Nbd7 10. Rd1 Qc7 11. Qe2 c5 12. Nc3 Ne4 13. Ne1 Nxc3 14. bxc3 Bg6 15. Nd3 Rab8 16. Nf4 Bd6 17. e4 Nb6 18. h4 cxd4 19. cxd4 Qc4 20. Qf3 e5 21. Nd3 f6 22. h5 Be8 23. h6 Ba4 24. hxg7 Kxg7 25. Qg4+ Kh8 26. Bh6 Rf7 27. Rd2 Rg8 28. Qh5 Qe6 29. Bh3 Qe7 30. dxe5 fxe5 31. Bf5 Nc4 32. Re2 Be8 33. Qh3 Bd7 34. Bxd7 Qxd7 35. Qxd7 Rxd7 36. Rc1 b5 37. Nb2 Nxb2 38. Rxb2 Ba3 39. Rbc2 Bxc1 40. Bxc1 Rg4 41. Rc5 Rxe4 42. Bh6 Kg8 43. Rxb5 Kf7 44. Ra5 Red4 45. Be3 R4d5 46. Ra6 R5d6 47. Ra5 a6 48. Kg2 Ke6 49. Kf3 Rc7 50. Bc5 Rdc6 51. Be3 Rb7 52. Kg4 Rb4+ 53. Kg5 Rb5 54. Ra4 Kd5 55. Kf5 a5 56. Ra3 Rc2 57. g4 Kc4 58. Ba7 Kb4 59. Rb3+ Ka4 60. Rh3 Rb7 61. Be3 Ka3 62. Bc5+ Kb2 63. Bd6 Rxf2+ 64. Kxe5 Rb5+ 65. Ke4 Rg5 66. Ke3 Rg2 67. Bf4 R5xg4 68. Rxh7 Rc2 69. Kf3 Rg8 70. Ra7 Rf8 71. Ke3 Rc3+ 72. Kd2 Rxf4 73. Rb7+ Rb4 0-1

[Event "SUI-chT"]
[Site "Switzerland"]
[Date "2011.02.27"]
[Round "1.6"]
[White "Rosenthal, Jonathan"]
[Black "Domont, Alexandre"]
[Result "1/2-1/2"]
[WhiteElo "2349"]
[BlackElo "2377"]
[PlyCount "90"]
[EventDate "2011.02.27"]
[EventType "team-tourn"]
[EventRounds "9"]
[EventCountry "SUI"]
[SourceTitle "CBM 141 Extra"]
[Source "ChessBase"]
[SourceDate "2011.05.03"]
[SourceVersion "1"]
[SourceVersionDate "2011.05.03"]
[SourceQuality "1"]
[WhiteTeam "Zuerich"]
[BlackTeam "Le Joueur"]
[WhiteTeamCountry "SUI"]
[BlackTeamCountry "SUI"]

1. d4 d5 2. c4 c6 3. Nf3 dxc4 4. e3 b5 5. a4 e6 6. axb5 cxb5 7. b3 Bb4+ 8. Bd2 Bxd2+ 9. Nbxd2 Nf6 10. bxc4 bxc4 11. Bxc4 0-0 12. 0-0 Nc6 13. Qa4 Bb7 14. Rfc1 Nd5 15. Bxd5 Qxd5 16. Rab1 Nd8 17. Rc7 a6 18. e4 Bc6 19. Qa3 Qh5 20. Rb6 a5 21. Rcxc6 Nxc6 22. Rxc6 Rfc8 23. Qc3 Rxc6 24. Qxc6 Rb8 25. d5 exd5 26. exd5 Qg6 27. h3 Qxc6 28. dxc6 Kf8 29. Nd4 a4 30. Kf1 a3 31. N2b3 Ke7 32. c7 Ra8 33. Nb5 Kd7 34. Ke2 a2 35. Na1 Ra5 36. Nc3 Kxc7 37. Kd3 Kd6 38. Kc4 Ke5 39. g3 h5 40. Kb3 Kd4 41. Nc2+ Kd3 42. Ne1+ Kd2 43. Nf3+ Kd3 44. Ne1+ Kd2 45. Nf3+ Kd3 1/2-1/2

[Event "Monthey op 1st"]
[Site "Monthey"]
[Date "2011.??.??"]
[Round "?"]
[White "Istratescu, Andrei"]
[Black "Domont, Alexandre"]
[Result "1/2-1/2"]
[WhiteElo "2650"]
[BlackElo "2400"]
[PlyCount "66"]
[EventDate "2011.10.??"]
[EventType "swiss"]
[EventRounds "7"]
[EventCountry "SUI"]
[SourceTitle "EXT 2017"]
[Source "ChessBase"]
[SourceDate "2016.10.25"]
[SourceVersion "1"]
[SourceVersionDate "2016.10.25"]
[SourceQuality "1"]

1. e4 c5 2. Nf3 Nc6 3. d4 cxd4 4. Nxd4 e5 5. Nb5 d6 6. N1c3 a6 7. Na3 Be7 8. Nc4 b5 9. Ne3 Nf6 10. Ned5 0-0 11. Be3 Nxd5 12. Nxd5 Bg5 13. Bb6 Qd7 14. Bd3 Ne7 15. Nxe7+ Bxe7 16. 0-0 Bb7 17. Qe2 d5 18. f3 dxe4 19. fxe4 Qc6 20. Be3 f5 21. c4 Bc5 22. cxb5 axb5 23. Rac1 fxe4 24. Bc4+ Kh8 25. Rxf8+ Rxf8 26. Bb3 Bxe3+ 27. Qxe3 Qf6 28. Re1 g6 29. Bc2 Qf4 30. Qe2 Kg7 31. g3 Qf6 32. Bxe4 Bxe4 33. Qxe4 Qf2+ 1/2-1/2